| 000 | 005080000a22001450004500 | ||
|---|---|---|---|
| 090 |
_aAR _b01062 |
||
| 245 | 1 | 0 | _aConvención sobre diversidad biológica: algunas reflexiones desde el contexto Latinoamericano |
| 650 | 1 | 4 |
_aConvenios internacionales _93879 |
| 650 | 1 | 4 |
_aUso sostenible de la biodiversidad _92196 |
| 650 | 1 | 4 |
_aDesarrollo sostenible _9278 |
| 041 | 0 | _aEspañol | |
| 100 | 1 |
_aOrtiz Quijano, Rosario _994272 |
|
| 942 | _cARTICULO | ||
| 773 | 1 |
_tForo Latinoamericano de Biodiversidad _3384 _q1-17 _d1996? |
|
| 999 |
_c10150 _d10150 |
||